000 00528nam a2200193Ia 4500
003 GCL
008 140319s9999 xx 000 0 ara d
040 _aGCL /
_cGCL
082 0 4 _a615.537
_bح ا
100 1 _aحسين خوجة
245 1 0 _aالاسرار الكمينة باحوال الكينة كينة /
_cحسين خوجة
700 1 _aالكراى القسيطينى
300 _a85
490 _a100 قصة
_v0
650 0 4 _aالطب
650 0 4 _aالصيدلة
650 0 4 _aالاعشاب
942 _2ddc
_cBK
999 _c43789
_d43789